Chuyên đề địa lí 12 : Địa lí tự nhiên và dân cư Việt Nam

Sách gồm 2 phần trình bày theo các chủ đề vị trí địa lí và lịch sử phát triển lãnh thổ, đặc điểm chung của tự nhiên, vấn đề sử dụng và bảo vệ tự nhiên,...Trong mỗi chủ đề có 2 phần: kiến thức trọng tâm, câu hỏi và bài tập....

Deskribapen osoa

Gorde:
Xehetasun bibliografikoak
Egile nagusia: Nguyễn, Đức Vũ
Formatua: Liburua
Hizkuntza:Undetermined
Argitaratua: Hà Nội Giáo dục Việt Nam 2009
Gaiak:
Etiketak: Etiketa erantsi
Etiketarik gabe, Izan zaitez lehena erregistro honi etiketa jartzen!
Thư viện lưu trữ: Trung tâm Học liệu Trường Đại học Cần Thơ
LEADER 01069nam a2200229Ia 4500
001 CTU_185330
008 210402s9999 xx 000 0 und d
020 |c 15000 
082 |a 915.970712 
082 |b V500 
100 |a Nguyễn, Đức Vũ 
245 0 |a Chuyên đề địa lí 12 : 
245 0 |b Địa lí tự nhiên và dân cư Việt Nam 
245 0 |c Nguyễn Đức Vũ 
260 |a Hà Nội 
260 |b Giáo dục Việt Nam 
260 |c 2009 
520 |a Sách gồm 2 phần trình bày theo các chủ đề vị trí địa lí và lịch sử phát triển lãnh thổ, đặc điểm chung của tự nhiên, vấn đề sử dụng và bảo vệ tự nhiên,...Trong mỗi chủ đề có 2 phần: kiến thức trọng tâm, câu hỏi và bài tập. 
650 |a Geography,Địa lí 
650 |x Study and teaching (Secondary),Dạy và học (trung học) 
904 |i Hải 
980 |a Trung tâm Học liệu Trường Đại học Cần Thơ